Statistics for 30 Second Typing - Countries A to Z (with a map)

Click here to take the quiz!

General Stats

  • This quiz has been taken 1,090 times
  • The average score is 129 of 196

Answers on the Map

Answers color-coded by a green-red scale on the quiz's map according to % correct below.
 

Answer Stats

Country% Correct
Cambodia
92%
Cameroon
92%
Canada
92%
Cape Verde
92%
Central African Republic
92%
Chad
92%
Chile
92%
China
92%
Colombia
92%
Comoros
92%
Costa Rica
92%
Cote d'Ivoire
92%
Croatia
92%
Cuba
92%
Cyprus
92%
Czech Republic
92%
Afghanistan
91%
Albania
91%
Algeria
91%
Andorra
91%
Angola
91%
Antigua and Barbuda
91%
Argentina
91%
Armenia
91%
Australia
91%
Austria
91%
Azerbaijan
91%
Bahamas
90%
Bahrain
90%
Bangladesh
90%
Barbados
90%
Belarus
90%
Belgium
90%
Belize
90%
Benin
90%
Bhutan
90%
Bolivia
90%
Bosnia and
Herzegovina
90%
Botswana
90%
Brazil
90%
Brunei
90%
Bulgaria
90%
Burkina Faso
90%
Burundi
90%
Federated States of
Micronesia
78%
Fiji
78%
Finland
78%
France
78%
Iceland
78%
India
78%
Indonesia
78%
Iran
78%
Iraq
78%
Ireland
78%
Israel
78%
Italy
78%
Democratic Republic
of the Congo
77%
Denmark
77%
Djibouti
77%
Dominica
77%
Dominican Republic
77%
East Timor
76%
Ecuador
76%
Egypt
76%
El Salvador
76%
Equatorial Guinea
76%
Eritrea
76%
Estonia
76%
Ethiopia
76%
Gabon
72%
Gambia
72%
Georgia
72%
Germany
72%
Ghana
72%
Greece
72%
Grenada
72%
Guatemala
72%
Guinea
72%
Guinea-Bissau
72%
Guyana
72%
Madagascar
69%
Macedonia
67%
Malawi
67%
Malaysia
67%
Maldives
67%
Mali
67%
Malta
67%
Marshall Islands
67%
Mauritania
67%
Mauritius
67%
Mexico
67%
Moldova
67%
Monaco
67%
Mongolia
67%
Montenegro
67%
Morocco
67%
Mozambique
67%
Myanmar
67%
Uganda
64%
Ukraine
64%
United Arab Emirates
64%
United Kingdom
64%
United States
64%
Uruguay
64%
Uzbekistan
64%
Jamaica
60%
Japan
60%
Jordan
60%
Nicaragua
59%
Republic of the Congo
58%
Romania
58%
Russia
58%
Rwanda
58%
Namibia
57%
Nauru
57%
Nepal
57%
Netherlands
57%
New Zealand
57%
Niger
57%
Nigeria
57%
North Korea
57%
Norway
57%
Pakistan
56%
Palau
56%
Panama
56%
Papua New Guinea
56%
Paraguay
56%
Peru
56%
Philippines
56%
Poland
56%
Portugal
56%
Haiti
55%
Honduras
55%
Hungary
55%
Laos
54%
Latvia
54%
Lebanon
54%
Lesotho
54%
Liberia
54%
Libya
54%
Liechtenstein
54%
Lithuania
54%
Luxembourg
54%
Saint Kitts and Nevis
52%
Saint Lucia
52%
Saint Vincent and the
Grenadines
52%
Samoa
52%
San Marino
52%
São Tomé and Príncipe
52%
Saudi Arabia
52%
Senegal
52%
Serbia
52%
Seychelles
52%
Sierra Leone
52%
Singapore
52%
Slovakia
52%
Slovenia
52%
Solomon Islands
52%
Somalia
52%
South Africa
52%
South Korea
52%
South Sudan
52%
Spain
52%
Sri Lanka
52%
Sudan
52%
Suriname
52%
Swaziland
52%
Sweden
52%
Switzerland
52%
Syria
52%
Kazakhstan
51%
Kenya
51%
Kiribati
51%
Kosovo
51%
Kuwait
51%
Kyrgyzstan
51%
Oman
47%
Qatar
37%
Taiwan
35%
Tajikistan
35%
Tanzania
35%
Thailand
35%
Togo
35%
Tonga
35%
Trinidad and Tobago
35%
Tunisia
35%
Turkey
35%
Turkmenistan
35%
Tuvalu
35%
Yemen
30%
Vanuatu
25%
Vatican City
25%
Venezuela
25%
Vietnam
25%
Zambia
25%
Zimbabwe
25%

Score Distribution

Percentile by Number Answered

Percent of People with Each Score

Your Score History

You have not taken this quiz